Movies Quiz

Random Movies or Box Office Quiz

Highest Grossing Movies (2016) Quiz Stats

 Plays Quiz Updated Apr 30, 2018

Challenge
Share
Tweet
Score 0/30 Timer 08:00
2 Plays Today
% Correct
Finding Dory
97.8%
Deadpool
93.1%
The Jungle Book
93%
Ghostbusters
92.4%
Moana
92.2%
The Angry Birds Movie
89%
Suicide Squad
88.6%
Trolls
87%
La La Land
85.3%
Kung Fu Panda 3
84.8%
Zootopia
82.7%
The Secret Life of Pets
79.3%
Doctor Strange
77.8%
Captain America: Civil War
76.5%
Fantastic Beasts and Where To Find Them
75.2%
% Correct
Sully
67.2%
Rogue One: A Star Wars Story
67%
Sing
66.2%
Bad Moms
65.2%
Hidden Figures
60.7%
Star Trek Beyond
60.4%
Jason Bourne
55%
Passengers
54.3%
Batman v Superman: Dawn of Justice
53.7%
X-Men: Apocalypse
45.6%
Central Intelligence
42.1%
Arrival
41.9%
Independence Day: Resurgence
32.6%
The Legend of Tarzan
28.3%
The Conjuring 2
24.9%

You're not logged in!

Compare scores with friends on all Sporcle quizzes.
Join for Free
OR
Log In

You Might Also Like...

Show Comments

Extras

Top Quizzes Today


Score Distribution

Your Account Isn't Verified!

In order to create a playlist on Sporcle, you need to verify the email address you used during registration. Go to your Sporcle Settings to finish the process.

Report this User

Report this user for behavior that violates our Community Guidelines.

Details: